000 00746nam a22002057a 4500
999 _c1611
_d1611
003 AR-CdUCM
008 190227b ||||| |||| 00| 0 esp d
040 _aMUNICIPALIDAD PROVINCIAL DEL CUSCO
_cBIBLIOTECA MUNICIPAL DEL CUSCO
082 _a869.008 /
_bAM524
100 _aAmorĂ­m, Enrique
_96032
245 _aLa carreta :
_bNovela de quitanderas y vagabundos /
_cEnrique Amorim
260 _aBuenos Aires :
_bClaridad,
300 _a158 paginas ;
_c20 cm
505 _aMatacabayo encarando los principales actos de su vida -- Bajo el amplio toldo agoniza el circo -- El domingo en las enaguas ...
650 _aEnjaezado.
_96033
650 _aSirvientas.
_96034
650 _aRancho.
_96035
942 _2ddc
_cLIBROS
945 _aacrt
_d2019-02-27